MARC

LEADER 00000nam0a2200000 4500
001 369547
005 20231102012207.0
035 |a (RuTPU)RU\TPU\retro\26933 
090 |a 369547 
100 |a 20220525d1980 km y0rusy50 ca 
101 0 |a rus 
102 |a UA 
105 |a a z 001zy 
200 1 |a Теплообмен при кипени  |f В. И. Толубинский  |g Академия наук Украинской ССР, Институт технической теплофизики 
210 |a Киев  |c Наукова думка  |d 1980 
215 |a 316 с.  |c ил. 
320 |a Библиогр.: с. 291-313 
606 1 |a Теплообмен  |x Физика  |2 stltpush  |3 (RuTPU)RU\TPU\subj\59756  |9 77255 
610 1 |a кипение 
610 1 |a жидкость-пар 
610 1 |a равновесие 
610 1 |a пузырение 
610 1 |a пузырьковое кипение 
610 1 |a свободное движение 
610 1 |a теплоотдача 
610 1 |a пленочное кипение 
675 |a 536.24  |v 4 
700 1 |a Толубинский  |b В. И.  |g Всеволод Иванович 
712 0 2 |a Академия наук Украинской ССР  |b Институт технической теплофизики  |c (Киев)  |2 stltpush  |3 (RuTPU)RU\TPU\col\1122  |9 23520 
801 1 |a RU  |b 63413507  |c 20220525 
942 |c BK